000 00324 a2200145 4500
001 165786
020 _a
040 _cMagnum
100 _aGarcia, Maria Manuela Alves
240 1 0 _aA didatica no ensino superior
_lpor
245 1 0 _aA didatica no ensino superior
362 0 _a1899
697 _aPEDAGOGIA
942 _cBK
999 _c165786
_d165786